Makedonskiot jazik vo razvojot na Slovenskite literaturni jazici

Bibliographic Details
Main Author: Koneski, Blaže (Author)
Format: Book
Language:Undetermined
PhysicalDescription:35 s.
Published: Skopje Kultura 1968

MARC

LEADER 00000nam a2200000 a 4500
001 vtls001385310
003 SK-MaSNL
005 20260301161457.0
008 240314s1968 xx 0 und
035 |a SNK000339437 
040 |a SNK  |b slo  |c SNK  |e AACR2 
100 1 |a Koneski, Blaže  |4 aut  |9 281212 
245 1 0 |a Makedonskiot jazik vo razvojot na Slovenskite literaturni jazici 
260 |a Skopje  |b Kultura  |c 1968 
300 |a 35 s. 
958 |a OND 
999 |c 809589  |d 811519 
952 |t P60, <04>, [BOOK], {604}  |a SNK  |b SNK  |y VYP  |7 0  |p 17A0231286  |o snkID 48437  |0 0  |1 0  |4 0  |d 2000-03-20  |l 0  |r 2005-01-02 00:00:00  |w 2026-02-24